[Event "XX Mitropa Cup"]
[Site "Charleville FRA"]
[Date "2000.12.02"]
[Round "9.4"]
[White "Handke, Florian"]
[Black "Lanzani, Mario"]
[Result "1/2-1/2"]
[WhiteElo "2455"]
[BlackElo "2419"]
[Annotator "ITA-GER"]
[PlyCount "116"]
[EventDate "2000.11.25"]

1.d4 Nf6 2.c4 e6 3.Nc3 Bb4 4.e3 b6 5.Ne2 c5 6.a3 Ba5 7.Rb1 Qe7 8.Bd2 Bxc3 
9.Nxc3 Bb7 10.b4 cxd4 11.exd4 Ne4 12.Nxe4 Bxe4 13.Rb3 Nc6 14.Re3 d5 15.Bc3
Qg5 16.h4 Qf4 17.g3 Qc7 18.Rh3 Ne7 19.g4 h5 20.Rhg3 hxg4 21.Qxg4 Nf5 22.
cxd5 Nxe3 23.Bb5+ Kd8 24.Rxe3 f5 25.Qg6 Bxd5 26.Bd2 a6 27.Rc3 axb5 28.Bg5+
Kc8 29.Rxc7+ Kxc7 30.Qxg7+ Kc6 31.Bf4 Rac8 32.Be5 Rxh4 33.Qe7 Re4+ 34.Kd2 
Rxe5 35.dxe5 Bc4 36.Ke3 Rc7 37.Qe8+ Kb7 38.Kf4 Rc8 39.Qd7+ Rc7 40.Qe8 Rc8 
41.Qe7+ Rc7 42.Qf8 Rc8 43.Qd6 Rc6 44.Qd1 Rc8 45.Kg5 Rg8+ 46.Kf6 Rc8 47.Qd6
Rc6 48.Ke7 Rc7+ 49.Kf6 Rc6 50.Ke7 Rc7+ 51.Kd8 Rc8+ 52.Kd7 Bd5 53.f4 Bc4 
54.Ke7 Rc7+ 55.Kd8 Rc8+ 56.Ke7 Rc7+ 57.Kd8 Rc8+ 58.Kd7 Bd5 1/2-1/2